Los almeydas (Record no. 55933)

MARC details
000 -LEADER
campo de control de longitud fija 00863nam a2200217 i 4500
001 - NÚMERO DE CONTROL
campo de control 55933
003 - IDENTIFICADOR DE NÚMERO DE CONTROL
campo de control ES-MaACL
005 - FECHA Y HORA DE LA ÚLTIMA TRANSACCIÓN
campo de control 20250815015310.0
007 - CAMPO FIJO DE DESCRIPCIÓN FÍSICA--INFORMACIÓN GENERAL
campo de control de longitud fija t|
008 - DATOS DE LONGITUD FIJA--INFORMACIÓN GENERAL
campo de control de longitud fija 030930s1962 ck ||||1| spa d
100 1# - ENTRADA PRINCIPAL--NOMBRE DE PERSONA
Nombre de persona Díaz Díaz, Oswaldo.
9 (RLIN) 44266
245 14 - MENCIÓN DEL TÍTULO
Título Los almeydas
Resto del título : episodios de la resistencia patriótica contra el ejército pacificador de tierra firme /
Mención de responsabilidad, etc. Oswaldo Díaz Díaz.
260 ## - PUBLICACIÓN, DISTRIBUCIÓN, ETC.
Lugar de publicación, distribución, etc. Bogotá :
Nombre del editor, distribuidor, etc. A.B.C.,
Fecha de publicación, distribución, etc. 1962.
300 ## - DESCRIPCIÓN FÍSICA
Extensión XVI, 318 p., 24 lám. ;
Dimensiones 24 cm.
490 1# - MENCIÓN DE SERIE
Mención de serie Academia columbia de la historia. Biblioteca de historia nacional ;
Designación de volumen o secuencia 99
600 34 - PUNTO DE ACCESO ADICIONAL DE MATERIA--NOMBRE DE PERSONA
Nombre de persona Almeydas (familia)
9 (RLIN) 168580
651 #4 - PUNTO DE ACCESO ADICIONAL DE MATERIA--NOMBRE GEOGRÁFICO
Nombre geográfico Colombia-
Subdivisión general Historia-
Subdivisión cronológica 1810-1822, Guerra de la Independencia.
9 (RLIN) 8075
830 00 - PUNTO DE ACCESO ADICIONAL DE SERIE-TÍTULO UNIFORME
Título uniforme Academia Columbia de la Historia.
Nombre de parte o sección de la obra Biblioteca de historia nacional
Designación de volumen o secuencia 99
9 (RLIN) 230366
852 ## - LOCALIZACIÓN
Ubicación ES-MaACL
Número de control de estantería C-22843
Sublocalización o colección R.51677
Holdings
Estatus retirado Estado de pérdida Estado de daño No para préstamo Biblioteca de origen Biblioteca actual Ubicación en estantería Fecha de adquisición Fuente de adquisición Total de préstamos Signatura topográfica completa Código de barras Visto por última vez Precio de reemplazo Tipo de ítem Koha
        Biblioteca del Ateneo de Madrid Biblioteca del Ateneo de Madrid Depósito 2 17/01/2008     C-22843 1058754 23/02/2023 23/02/2023 Libro impreso